[Event "Cologno Monzese op 26th"]
[Site "Cologno Monzese"]
[Date "2007.09.14"]
[Round "1"]
[White "Cani, Gazmir"]
[Black "Borgni, Cristiano"]
[Result "1/2-1/2"]
[WhiteElo "1452"]
[BlackElo "1817"]
[PlyCount "102"]
[EventDate "2007.09.14"]
[EventType "swiss"]
[EventRounds "6"]
[EventCountry "ITA"]
[SourceTitle "EXT 2024"]
[Source "ChessBase"]
[SourceDate "2023.10.10"]
[SourceVersion "1"]
[SourceVersionDate "2023.10.10"]
[SourceQuality "1"]

1. e4 c5 2. Nf3 Nc6 3. d4 cxd4 4. Nxd4 d6 5. c4 e5 6. Nxc6 bxc6 7. Nc3 Be7 8. Be2 Nf6 9. Be3 0-0 10. g4 Ne8 11. Qd2 Be6 12. Rg1 Qd7 13. g5 f5 14. gxf6 Bxf6 15. Bg5 Kh8 16. h4 Qf7 17. Bxf6 Qxf6 18. 0-0-0 Qf4 19. f3 Rd8 20. Qxf4 Rxf4 21. h5 Nf6 22. Rg5 h6 23. Rxe5 dxe5 24. Rxd8+ Kh7 25. Rd6 Bd7 26. Na4 Rh4 27. Nc5 Be8 28. Ne6 Rxh5 29. c5 Rh1+ 30. Kd2 Rb1 31. Kc2 Re1 32. Bc4 Re3 33. Rd3 Re2+ 34. Rd2 Rxd2+ 35. Kxd2 g5 36. a4 g4 37. fxg4 Nxe4+ 38. Ke3 Nf6 39. Bd3+ Kg8 40. g5 hxg5 41. Nxg5 Nd5+ 42. Kd2 Kg7 43. Ne4 Bg6 44. Nc3 Nb4 45. Bxg6 Kxg6 46. Ne4 Kf5 47. Nd6+ Ke6 48. Kc3 Nd5+ 49. Kc4 Ne3+ 50. Kd3 Nd5 51. a5 a6 1/2-1/2